Sampaio (Bruno) (Registo nº 32388)

Detalhes MARC
000 -Etiqueta do registo
Valores 00671nam a2200217 4500
010 ## - Número ISBN
ISBN 9789728012359
021 ## - Número do Depósito Legal
-- PT
Número 401359/15
090 ## -
-- 32388
100 ## - Dados gerais de processamento
Dados gerais 20160311d2015 m y0pory50030103ba
101 0# - Língua de publicação
-- por
102 ## - País de publicação
-- PT
200 1# - Titulo e menção de responsabilidade
Título próprio Sampaio (Bruno)
Informação de outro título do idealismo republicano à crítica literária
Primeira menção de responsabilidade Paulo Samuel
210 ## - Publicação
Local de publicação Porto
Nome do editor Fundação Eng. António de Almeida
Data de publicação 2015
215 ## - Descrição física 
Paginação / Volumes 235, [4] p.
Dimensões 22 cm
606 ## - Nome comum usado como assunto
ID Autoridade 3917
Palavra de ordem Filósofos
Subdivisão assunto Biografias
675 ## - CDU
Notação 1(469)
700 ## - Autor principal (pessoa individual)
Apelido Samuel
Nome Paulo
Datas 1957-
ID Autoridade 3841
801 #0 - Fonte de origem
País PT
Agência BN
Regras de catalogação RPC
856 41 - Localização e acesso electrónico 
URL <a href="http://rnod.bn.pt/ImagesBN/winlibimg.aspx?skey=&doc=1925041&img=74095&save=true">http://rnod.bn.pt/ImagesBN/winlibimg.aspx?skey=&doc=1925041&img=74095&save=true</a>
990 ## - Elementos KOHA
Tipo de documento Livro
Exemplares
Situação do levantamento Estado Biblioteca de origem Biblioteca de empréstimo Código de barras Cota Permissão de empréstimo Tipo de documento
  Completo Biblioteca Municipal de Viana Do Alentejo Biblioteca Municipal de Viana Do Alentejo 0032091 1 SAM Disponível Livro




Powered by Koha